000 01029nam a2200265Ia 4500
003 OSt
005 20221005111740.0
006 a|||||r|||| 00| 0
007 ta
008 221004b |||||||| |||| 00| 0 hin d
020 _a5050015057 (hbk)
_c50
024 _a97853
037 _b542, 19/03/2009, Vani Prakashan
_cTextual
040 _aCRL
_cCRL
_bhin
041 _2hin
_ahin
082 _aO142,6x, 152M7
100 _aदुबे, राधा श्याम, अनु.
245 0 _aसाहित्य और सौंदर्यशास्त्र
246 _aSāhitya aur sauandaryashāstra
260 _aमास्को
_bरादुका प्रकाशन सोवियत संघ
_c1987
300 _a411पृ0
_ccm.
490 _aबीसवीं शताब्दी का साहित्य; 1
942 _hO142,6x, 152M7
_cTEXL
_2cc
999 _c1022776
_d1022776